WWE Royal Rumble 2023 Entrants - Statistics

General Stats
  • This quiz has been taken 14 times
  • The average score is 36 of 60
Answer Stats
Draw Brand Men's Rumble % Correct
30 Raw Cody Rhodes
100%
22 Raw Damian Priest
92%
20 Raw Finn Bálor
92%
12 Unaffiliated Brock Lesnar
85%
18 Raw Dominik Mysterio
85%
9 SmackDown Drew McIntyre
85%
1 SmackDown Gunther
85%
1 Raw Rhea Ripley
85%
17 Raw Asuka
77%
6 Raw Bayley
77%
15 Raw Becky Lynch
77%
24 Raw Edge
77%
29 Unaffiliated Logan Paul
77%
30 Unaffiliated Nia Jax
77%
17 SmackDown Rey Mysterio
77%
15 Raw Seth "Freakin" Rollins
77%
2 SmackDown Sheamus
77%
27 SmackDown Braun Strowman
69%
8 Raw Chad Gable
69%
20 Unaffiliated Chelsea Green
69%
9 Raw Dakota Kai
69%
2 SmackDown Liv Morgan
69%
11 SmackDown Natalya
69%
26 Raw Omos
69%
16 Raw Otis
69%
5 SmackDown Shayna Baszler
69%
3 Raw The Miz
69%
11 Raw Angelo Dawkins
62%
25 Raw Austin Theory
62%
13 Raw Bobby Lashley
62%
23 Raw Montez Ford
62%
18 Raw Piper Niven
62%
28 SmackDown Ricochet
62%
21 SmackDown Zelina Vega
62%
14 Raw Baron Corbin
54%
12 Raw Candice LeRae
54%
10 Raw Iyo Sky
54%
7 SmackDown Karrion Kross
54%
29 Raw Nikki Cross
54%
19 Raw Elias
46%
5 Raw Johnny Gargano
46%
4 SmackDown Kofi Kingston
46%
24 SmackDown Lacey Evans
46%
8 NXT Roxanne Perez
46%
10 SmackDown Santos Escobar
46%
27 SmackDown Sonya Deville
46%
19 Raw Tamina
46%
13 NXT Zoey Stark
46%
23 Raw Mia Yim
38%
25 Unaffiliated Michelle McCool
38%
22 SmackDown Raquel Rodriguez
38%
28 SmackDown Shotzi
38%
6 SmackDown Xavier Woods
38%
14 SmackDown Xia Li
38%
7 SmackDown B-Fab
31%
21 NXT Booker T
31%
3 Raw Dana Brooke
31%
26 NXT Indi Hartwell
31%
16 SmackDown Tegan Nox
31%
4 SmackDown Emma
23%
No matching quizzes found
Score Distribution
Percent of People with Each Score
Percentile by Number Answered
Your Score History
You have not taken this quiz